Portfoliotheoretische Überlegungen zum Risikomanagement in der Produktionslogistik.

Podobnosť manažmentu ovládnutia rizika potrieb vo viacstupňovom výrobnom procese cez určitý stav rezervných zásob s problémom selekcie portfolia vo financiách. Rizikový manažment v logistike výroby. Problematika portfolia pri plánovaní bezpečnostných zásob. Riziká a náklady pri dvojstupňovej výrobe....

Description complète

Enregistré dans:
Détails bibliographiques
Auteur principal: Inderfurth, K.
Format: Chapitre de livre
Langue:allemand
Sujets:
Tags: Ajouter un tag
Pas de tags, Soyez le premier à ajouter un tag!

MARC

LEADER 00000naa a2200000 4500
001 r010427
005 20221130113404.8
041 0 |a ger 
044 |a DE 
245 1 0 |a Portfoliotheoretische Überlegungen zum Risikomanagement in der Produktionslogistik.  |c K. Inderfurth 
520 |a Podobnosť manažmentu ovládnutia rizika potrieb vo viacstupňovom výrobnom procese cez určitý stav rezervných zásob s problémom selekcie portfolia vo financiách. Rizikový manažment v logistike výroby. Problematika portfolia pri plánovaní bezpečnostných zásob. Riziká a náklady pri dvojstupňovej výrobe. Analýza bezpečnostných rezerv pri sériovej a divergentnej výrobe. Účinné rezervy pri viacstupňovej výrobe. Príklad trojstupňovej štruktúry výroby. 
610 2 0 |a manažment 
610 2 0 |a portfólio 
610 2 0 |a riziko 
610 2 0 |a logistika 
610 2 0 |a výroba 
610 2 0 |a rezervy výrobné 
610 2 0 |a štruktúra výroby 
610 2 0 |a náklady výrobné 
610 2 0 |a financie 
100 1 |a Inderfurth, K.